| 000 | 01080nam a2200313 i 4500 | ||
|---|---|---|---|
| 001 | 4805 | ||
| 003 | KOSZ 005 | ||
| 005 | 20221024133549.0 | ||
| 008 | 071014s1969 pl a f 000 0 pol | ||
| 015 | _aPB 1969/1535 | ||
| 040 |
_aWA N _cWA N _dKOSZ 005/RW |
||
| 080 | _a624.15 | ||
| 080 | _a621 | ||
| 100 | 1 |
_aLipiński, Janusz _d(1935- ) _eAutor |
|
| 245 | 1 | 0 |
_aFundamenty i konstrukcje wsporcze pod maszyny / _cJanusz Lipiński. |
| 260 |
_aWarszawa : _b"Arkady", _c1969. |
||
| 300 |
_a631, [1] stron, [2] karty tablic : _bilustracje ; _c25 cm. |
||
| 336 |
_aTekst _btxt _2rdacontent |
||
| 337 |
_aBez urządzenia pośredniczącego _bn _2rdamedia |
||
| 338 |
_aWolumin _bnc _2rdacarrier |
||
| 380 | _aKsiążki | ||
| 504 | _aBibliografia na stronach 628-[632]. | ||
| 658 | _aInżynieria i technika | ||
| 658 | _aArchitektura i budownictwo | ||
| 650 | 4 | _aFundamenty pod maszyny | |
| 710 | 2 |
_aWydawnictwo Arkady _4pbl. |
|
| 856 |
_uhttp://koha.tu.koszalin.pl/cgi-bin/koha/opac-detail.pl?biblionumber=4805 _yKatalog online BPK |
||
| 942 |
_2UKD _cKS |
||
| 999 |
_c4805 _d4805 |
||